Moon Song - Phoebe Bridgers (Lyrics) - Statistics

General Stats
  • This quiz has been taken 45 times
    40 since last reset
  • The average score is 151 of 183
Answer Stats
Answer % Correct
a
100%
And
100%
and
100%
But
100%
could
100%
I
100%
in
100%
me
100%
moon
100%
the
100%
You
100%
you
100%
bird
93%
feet
93%
give
93%
if
93%
Like
93%
like
93%
my
93%
of
93%
your
93%
are
86%
asked
86%
at
86%
be
86%
bottom
86%
can't
86%
carry
86%
couldn't
86%
dog
86%
door
86%
dying
86%
for
86%
had
86%
have
86%
home
86%
married
86%
now
86%
pushed
86%
sick
86%
to
86%
touch
86%
walk
86%
with
86%
would
86%
you're
86%
down
79%
hands
79%
holding
79%
loves
79%
might
79%
more
79%
next
79%
So
79%
so
79%
somebody
79%
Stuck
79%
throat
79%
time
79%
tongue
79%
wait
79%
want
79%
water
79%
Who
79%
will
79%
I'm
71%
it
71%
life
71%
say
71%
birthday
64%
doesn't
64%
killer
64%
know
64%
remember
64%
singing
64%
something
64%
supposed
64%
then
64%
there's
64%
understand
64%
We
64%
we
64%
what
64%
When
64%
about
57%
am
57%
baby
57%
bed
57%
cried
57%
crying
57%
dead
57%
died
57%
dreaming
57%
hate
57%
Heaven"
57%
his
57%
is
57%
it's
57%
It's
57%
I've
57%
John
57%
Lennon
57%
little
57%
nautical
57%
never
57%
sad
57%
saw
57%
seen
57%
smiling
57%
started
57%
"Tears
57%
that
57%
themed
57%
upset
57%
went
57%
big
50%
fought
50%
Until
50%
No matching quizzes found
Score Distribution
Percent of People with Each Score
Percentile by Number Answered
Your Score History
You have not taken this quiz since the last reset